Sports Quiz

Random Sports or NFL Quiz

NFL Teams by Tight End Quiz Stats

 Plays Quiz not verified by Sporcle

Score 0/32 Timer 03:00
0 Plays Today
Tight End Team % Correct
Antonio GatesSan Diego Chargers
96.1%
Dallas Clark/Jacob TammeIndianapolis Colts
95%
Tony Gonzalez Atlanta Falcons
94.2%
Jason WittenDallas Cowboys
94.2%
Todd HeapBaltimore Ravens
93.4%
Vernon DavisSan Fransisco 49ers
91.9%
Dustin KellerNew York Jets
91.5%
Kevin BossNew York Giants
91.1%
Chris CooleyWashington Redskins
90.7%
Jeremy ShockeyNew Orleans Saints
90.7%
Heath MillerPittsburgh Steelers
89.6%
Visanthe ShiancoeMinnesota Vikings
89.2%
Aaron Hernandez/Rob GronkowskiNew England Patriots
88%
Marcedes Lewis Jacksonville Jaguars
87.6%
Greg OlsenChicago Bears
87.6%
Brent Celek Philadelphia Eagles
84.9%
Tight End Team % Correct
Zach MillerOakland Raiders
84.6%
Jermichael Finley/Donald LeeGreen Bay Packers
84.6%
Kellen WinslowTampa Bay Buccaneers
84.2%
John Carlson Seattle Seahawks
81.5%
Anthony Fasano Miami Dolphins
80.7%
Jermaine GreshamCincinnati Bengals
79.2%
Brandon PettigrewDetroit Lions
78.8%
Bo ScaifeTennessee Titans
77.6%
Tony MoekiKansas City Chiefs
74.9%
Benjamin WatsonCleveland Browns
69.9%
Dante RosarioCarolina Panthers
68.3%
Joel DreesenHouston Texans
61.4%
Daniel Graham Denver Broncos
58.7%
Daniel FellsSt. Louis Rams
56.8%
Ben PatrickArizona Cardinals
54.1%
David MartinBuffalo Bills
51.7%

You're not logged in!

Compare scores with friends on all Sporcle quizzes.
OR
Log In

Show Comments

Extras

Created Nov 23, 2010ReportNominate
Tags:NFL Quiz, end, team, tight

Top Quizzes Today


Score Distribution

Your Account Isn't Verified!

In order to create a playlist on Sporcle, you need to verify the email address you used during registration. Go to your Sporcle Settings to finish the process.

Report this User

Report this user for behavior that violates our Community Guidelines.

Details: